书目信息 |
| 题名: |
创客行
|
|
| 作者: | 彭为 , 单东升 , 王众 编著 | |
| 分册: | ||
| 出版信息: | 北京 中国原子能出版社 2017.4 |
|
| 页数: | 16,258页 | |
| 开本: | 24cm | |
| 丛书名: | ||
| 单 册: | ||
| 中图分类: | TP311.52 | |
| 科图分类: | ||
| 主题词: | 软件开发 | |
| 电子资源: | ||
| ISBN: | 978-7-5022-7976-9 | |
| 000 | 00855nam0 2200253 450 | |
| 001 | 0400003991 | |
| 005 | 20171023094941.0 | |
| 010 | @a978-7-5022-7976-9@dCNY49.00 | |
| 100 | @a20170905e2017 em y0chiy50 ea | |
| 101 | 0 | @achi |
| 102 | @aCN@b110000 | |
| 105 | @aa z 000yy | |
| 106 | @ar | |
| 200 | 1 | @a创客行@9chuang ke xing@f彭为,单东升,王众编著 |
| 210 | @a北京@c中国原子能出版社@d2017.4 | |
| 215 | @a16,258页@c图@d24cm | |
| 330 | @a本书主要介绍了“关爱类”“娱乐类”和“安全类”三类主题的18个创新项目。每个项目从创意形成、硬件模块、软件开发实现到最后“变成现实”这几个步骤来介绍。 | |
| 606 | 0 | @a软件开发 |
| 690 | @aTP311.52@v5 | |
| 701 | 0 | @a彭为@9peng wei@4编著 |
| 701 | 0 | @a单东升@9shan dong sheng@c(创业)@4编著 |
| 701 | 0 | @a王众@9wang zhong@c(创业)@4编著 |
| 801 | 0 | @aCN@b91MARC@c20171023 |
| 905 | @b1027596-600@dTP311.52@f5@e1121 | |
| 创客行/彭为,单东升,王众编著.-北京:中国原子能出版社,2017.4 |
| 16,258页:图;24cm |
| ISBN 978-7-5022-7976-9:CNY49.00 |
| 本书主要介绍了“关爱类”“娱乐类”和“安全类”三类主题的18个创新项目。每个项目从创意形成、硬件模块、软件开发实现到最后“变成现实”这几个步骤来介绍。 |
| ● |
| 相关链接 |
|
|
|
|
正题名:创客行
索取号:TP311.52/1121
 
预约/预借
| 序号 | 登录号 | 条形码 | 馆藏地/架位号 | 状态 | 备注 |
| 1 | 1027596 | 210275968 | 第二样本阅览室/ [索取号:TP311.52/1121] | 在馆 | |
| 2 | 1027597 | 210275977 | 第三借阅区/ [索取号:TP311.52/1121] | 在馆 | |
| 3 | 1027598 | 210275986 | 第三借阅区/ [索取号:TP311.52/1121] | 在馆 | |
| 4 | 1027599 | 210275995 | 第三借阅区/ [索取号:TP311.52/1121] | 在馆 | |
| 5 | 1027600 | 210276002 | 密集书库—计算机科学学院/ [索取号:TP311.52/1121] | 在馆 |